000 00739nam a2200205 i 4500
001 182489
003 ES-MaACL
005 20230906221625.0
008 130905s1993 mx |||| | spa d
020 _a968-6236-05-8
100 1 _aAltamira, Rafael,
_d1866-1951
_920515
245 1 3 _aLa formación del jurista /
_cRafael Altamira y Crevea ; estudio preliminar, edición y notas de Jaime del Arenal Fenochio.
250 _a[1ª ed.].
260 _aMéxico :
_bEscuela Libre de Derecho,
_c1993.
300 _a102 p. :
_b1 retr. autor ;
_c21 cm.
650 0 4 _aAbogados.
_99564
700 1 _aArenal Fenochio, Jaime del.
_9153347
852 _aES-MaACL
_j2326-F-11
_z.- Dedicatoria manuscrita del ed. lit.
999 _c182489
_d182489